The Formation and History of Telangana: (Record no. 184169)

MARC details
000 -LEADER
fixed length control field 00591nam a22001817a 4500
005 - DATE AND TIME OF LATEST TRANSACTION
control field 20220113161841.0
010 ## - LCCN (DPL NO)
LC control number ENG-131114
020 ## - INTERNATIONAL STANDARD BOOK NUMBER
International Standard Book Number 978-93-5442-048-1
Terms of availability 700.00
035 ## - SYSTEM CONTROL NUMBER
System control number EN-114646
037 ## - SOURCE OF ACQUISITION
Source of stock number/acquisition DBAD
082 ## - DEWEY DECIMAL CLASSIFICATION NUMBER
Classification number 954.84
100 ## - MAIN ENTRY--PERSONAL NAME
Personal name Pingle, Gautam
245 ## - TITLE STATEMENT
Title The Formation and History of Telangana:
Remainder of title A collection of Nine Critical Essays/
Statement of responsibility, etc Gautam Pingle
260 ## - PUBLICATION, DISTRIBUTION, ETC. (IMPRINT)
Place of publication, distribution, etc Telangana
Name of publisher, distributor, etc Orient Blackswan Private Limited
Date of publication, distribution, etc 2020
270 ## - ADDRESS
City Telangana
Address 3-6-752 Himayatnagar
Postal code 500029
300 ## - PHYSICAL DESCRIPTION
Extent xix, 273p.
Dimensions 21cm(pbk)
Other physical details Index
942 ## - ADDED ENTRY ELEMENTS (KOHA)
Source of classification or shelving scheme Dewey Decimal Classification
Item type English Books
Classification part 954.84
Call number suffix PIN
Holdings
Withdrawn status Lost status Not for loan Collection code Home library Current library Date acquired Source of acquisition Cost, normal purchase price Full call number Barcode Copy number Cost, replacement price Koha item type
      Non-fiction Central Library Central Library 13/01/2022 DBAD/PUB 700.00 954.84 PIN EN-114646 1 700.00 English Books

© Delhi Public Library
Hit Counter
free hit counter